• 首页
  • 本馆介绍
  • 公告通知
  • 最新文献
  • 馆藏检索
  • 电子资源
  • 读者导购
  • 参考咨询
  • 我的图书馆
  • 登录
  • 详细信息显示
  • 放入我的书架
  • 预约/预借图书
  • 作者相关作品
  • 分类相关作品
  • 丛书相关作品
  • 出版社相关作品

书目信息

  • 表格格式
  • 工作单格式
  • 卡片格式
题名:
黄侃手批尔雅义疏
    
 
作者: 黄侃 批校
分册: 上  
出版信息: 北京   中华书局  2006
页数: 740页
开本: 30cm
丛书名: 黄侃文集
单 册:
中图分类: H131.2
科图分类:
主题词:
电子资源:
ISBN: 7-101-04865-X
000 00846oam2 2200277 450
001 003321635
005 20091230084756.51
010    @a7-101-04865-X@b精装@dCNY190.00,CNY380.00(全2册)
100    @a20060210e2006 em y0chiy0110 ea
101 0  @achi
102    @aCN@b110000
105    @ay z 000yy
106    @ar
200 1  @a黄侃手批尔雅义疏@9huang kan shou pi er ya yi shu@h上@f黄侃批校
205    @a[影印本]
210    @a北京@c中华书局@d2006
215    @a740页@d30cm
225 2  @a黄侃文集
330    @a黄侃是近代著名的学者和文学大师,一生批校文学著作,留存有《说文解字》《广韵》《十三经》以及此本《尔雅义疏》。
461  0 @12001 @a黄侃文集
605    @a尔雅@x注释
605    @a尔雅
690    @aH131.2@v4
701  0 @a黄侃@9huang kan@f(1886~1935)@4批校
801  0 @aCN@bNLC@c20091230
905    @b20798707-08@dH131.2@e315:1@f2
    
    黄侃手批尔雅义疏.上/黄侃批校.-[影印本].-北京:中华书局,2006
    740页;30cm.-(黄侃文集)
    
    
    ISBN 7-101-04865-X(精装):CNY190.00,CNY380.00(全2册)
    黄侃是近代著名的学者和文学大师,一生批校文学著作,留存有《说文解字》《广韵》《十三经》以及此本《尔雅义疏》。
●
相关链接 在E读中查询图书 在五车中查询图书 在当当中查询图书 在豆瓣中查询图书


正题名:黄侃手批尔雅义疏     索取号:H131.2/315:1         预约/预借

序号 登录号 条形码 馆藏地/架位号 状态 备注
1 798707   207987071   第二样本阅览室/ [索取号:H131.2/315:1] 在馆    
2 798708   207987080   第四借阅区/ [索取号:H131.2/315:1] 在馆    
唐山师范学院图书馆 欢迎您!
大连网信软件有限公司© 版权所有